000
00224nam a2200097 a 4500
005
20200930075838.0
008
120123s2007 000 spa d
245
0
_a
The institute.
260
_a
[s.l.],
_c
2007.
999
_c
36128
_d
36128
040
_a
DO-SdBNP